| 000 | 00643nam a2200181 4500 | ||
|---|---|---|---|
| 008 | 030704s1978 enk eng | ||
| 020 | _a0803910665 | ||
| 090 |
_aLB1027 _bM83h _b1978 |
||
| 100 | 1 | _aMorris, Lynn Lyons | |
| 245 | 1 | 0 |
_aHow to measure program implementation / _cLynn Lyons Morris and Carol Taylor Fitz-Gibbon. |
| 260 |
_aLondon : _bSAGE Publications, _cc1978. |
||
| 300 | _a184 p. | ||
| 500 | _a[xeroxed copy] | ||
| 650 | 4 |
_aActivity programs in education _xEvaluation. |
|
| 700 | 1 | _aFitz-Gibbon, Carol Taylor | |
| 740 | 0 | 2 | _aHow to measure attitudes |
| 951 |
_p11513 _x00026057 _oLB1027/M83h/1978 _j070613111246796 _d2000-12-21 _cGC |
||
| 999 |
_c15549 _d15549 |
||